| Tag |
First Indicator |
Second Indicator |
Subfields |
| LEADER |
00000cam a2200000Ia 4500 |
| 001 |
in00000001864 |
| 005 |
20151007050549.0 |
| 007 |
he bmb024bbca |
| 008 |
981015s1998 dcuab bb f000 0 eng d |
| 035 |
|
|
|a (OCoLC)ocm40292313
|
| 035 |
|
|
|9 AJC2187AM
|
| 040 |
|
|
|a GPO
|c GPO
|d TXA
|d UtOrBLW
|
| 043 |
|
|
|a n-us---
|
| 049 |
|
|
|a TXAM
|
| 074 |
|
|
|a 0016 (MF)
|
| 086 |
0 |
|
|a A 1.36:1859
|
| 100 |
1 |
|
|a El-Osta, Hisham S.
|
| 245 |
1 |
0 |
|a Determinants of financial performance of commercial dairy farms /
|c Hisham S. El-Osta, James D. Johnson.
|
| 264 |
|
1 |
|a Washington, D.C. :
|b U.S. Dept. of Agriculture, Economic Research Service,
|c [1998]
|
| 300 |
|
|
|a iv, 31 pages :
|b illustrations, map ;
|c 28 cm.
|
| 336 |
|
|
|a text
|b txt
|2 rdacontent
|
| 337 |
|
|
|a microform
|b h
|2 rdamedia
|
| 338 |
|
|
|a microfiche
|b he
|2 rdacarrier
|
| 490 |
1 |
|
|a An Economic Research Service report
|
| 490 |
1 |
|
|a Technical bulletin ;
|v no. 1859
|
| 500 |
|
|
|a Cover title.
|
| 500 |
|
|
|a "July, 1998"--P. [i].
|
| 500 |
|
|
|a Shipping list number: 98-1096-M.
|
| 500 |
|
|
|a Shipping List #: 98-1096-M
|
| 500 |
|
|
|a Shipping List Date: 10/09/98
|
| 504 |
|
|
|a Includes bibliographical references (pages 27-29).
|
| 533 |
|
|
|a Microfiche.
|b [Washington, D.C.] :
|c Supt. of Docs., U.S. G.P.O.,
|d 1998
|e 1 microfiche : negative.
|
| 500 |
|
|
|a Microform.
|
| 650 |
|
0 |
|a Dairy farms
|x Economic aspects
|z United States.
|
| 650 |
|
0 |
|a Dairy farms
|x Economic aspects
|z United States
|x Mathematical models.
|
| 700 |
1 |
|
|a Johnson, James,
|d 1950-
|
| 710 |
1 |
|
|a United States.
|b Department of Agriculture.
|b Economic Research Service.
|
| 830 |
|
0 |
|a Economic Research Service report.
|
| 830 |
|
0 |
|a Technical bulletin (United States. Department of Agriculture) ;
|v no. 1859.
|
| 994 |
|
|
|a E0
|b TXA
|
| 999 |
|
|
|a MARS
|
| 999 |
f |
f |
|s 68c627b2-9866-38a9-a5b7-d7e4fe47bf2a
|i 06d0ad29-f185-3baf-993e-5d59bc9a93a3
|t 0
|
| 952 |
f |
f |
|p normal
|a Texas A&M University
|b College Station
|c Sterling C. Evans Library
|d Evans: US Documents (Annex 5th floor)
|t 0
|e A 1.36:1859
|h Superintendent of Documents classification
|i microform -- microfiche
|m A14829061745
|
| 998 |
f |
f |
|a A 1.36:1859
|t 0
|l Evans: US Documents (Annex 5th floor)
|